000 00456nam a22001577a 4500
999 _c60661
_d60661
005 20231004114451.0
008 231004s1981 gw ||||| |||| 00| 0 ger d
041 _ager
080 _a902 G-37
100 _aGeiss, Heinz
_919991
245 _aReise in das alte Knossos /
_cHeinz Geiss.
264 _aLeipzig,
_c1981.
300 _a181 p.:
_bill.;
_c21 cm.
653 _aმოგზაურობა ძველ კნოსოსში
942 _2udc
_cBK